书目信息 |
| 题名: |
建筑制图手册
|
|
| 作者: | 齐明超 , 李学京 , 王永智 主编 | |
| 分册: | ||
| 出版信息: | 北京 机械工业出版社 2006.08 |
|
| 页数: | 474页 | |
| 开本: | 26cm | |
| 丛书名: | ||
| 单 册: | ||
| 中图分类: | TU204-62 | |
| 科图分类: | ||
| 主题词: | 建筑制图--jian zhu zhi tu--手册 | |
| 电子资源: | ||
| ISBN: | 7-111-19358-X | |
| 000 | 00968nam0 2200253 450 | |
| 001 | 012006824882 | |
| 005 | 20070611152647.92 | |
| 010 | @a7-111-19358-X@dCNY53.00 | |
| 100 | @a20061213d2006 km y0chiy0120 ea | |
| 101 | 0 | @achi |
| 102 | @aCN@b110000 | |
| 105 | @aak a 000yy | |
| 200 | 1 | @a建筑制图手册@Ajian zhu zhi tu shou ce@f王永智, 齐明超, 李学京主编@Fwang yong zhi,qi ming chao,li xue jing zhu bian |
| 210 | @a北京@c机械工业出版社@d2006.08 | |
| 215 | @a474页@c图@d26cm | |
| 320 | @a有书目。 | |
| 330 | @a本书介绍了建筑制图的基本知识和基本原理;房屋施工图的专业图样,包括建筑施工图、结构施工图、给水排水施工图、暖通空调和电气施工图;建筑相关的图样,包括轴测投影、阴影、透视投影、标高投影、展开图等。 | |
| 606 | 0 | @a建筑制图@Ajian zhu zhi tu@j手册 |
| 690 | @aTU204-62@v4 | |
| 701 | 0 | @a齐明超@Aqi ming chao@4主编 |
| 701 | 0 | @a李学京@Ali xue jing@4主编 |
| 701 | 0 | @a王永智@Awang yong zhi@4主编 |
| 801 | 0 | @aCN@c20070611 |
| 905 | @a10447@dTU204-62@eW439 | |
| 建筑制图手册/王永智, 齐明超, 李学京主编.-北京:机械工业出版社,2006.08 |
| 474页:图;26cm |
| ISBN 7-111-19358-X:CNY53.00 |
| 本书介绍了建筑制图的基本知识和基本原理;房屋施工图的专业图样,包括建筑施工图、结构施工图、给水排水施工图、暖通空调和电气施工图;建筑相关的图样,包括轴测投影、阴影、透视投影、标高投影、展开图等。 |
| ● |
| 相关链接 |
|
|
|
正题名:建筑制图手册
索取号:TU204-62/W439
 
预约/预借
| 序号 | 登录号 | 条形码 | 馆藏地/架位号 | 状态 | 备注 |
| 1 | 230114 | 202301142 | 建筑库101/101建筑库 110排7列4层/ [索取号:TU204-62/W439] | 在馆 | |
| 2 | 230115 | 202301151 | 建筑库101/101建筑库 110排7列4层/ [索取号:TU204-62/W439] | 在馆 | |
| 3 | 230116 | 202301160 | 建筑库101/ [索取号:TU204-62/W439] | 在馆 |